00393nam a2200133Ia 450000500170000000800410001702000180005808200200007610000710009624500410016725000120020826000250022030000140024520250120110303.0231217s9999 xx 000 0 und d a9780070153899 a620.112 BEE;43 aBeer, Ferdinand P. Johnston, E Russell. Dewolf, John T ...[et al.] 0aMechanics of materials (in SI units) a5th ed. c2006bTMHaNew Delhi axvii, 780